Crossword - Europe - Statistics

General Stats
  • This quiz has been taken 24 times
  • The average score is 5 of 15
Answer Stats
Answer % Correct
Alps
67%
Dover
67%
Tito
67%
Berliner
63%
Crete
54%
Inverness
54%
Lviv
50%
Visegrad
21%
Attica
17%
Calvin
17%
Split
17%
Øresund
13%
Tulcea
13%
Gaeltacht
4%
Lombard
0%
No matching quizzes found
Score Distribution
Percent of People with Each Score
Percentile by Number Answered
Your Score History
You have not taken this quiz